000 00307nam a2200121Ia 4500
008 220204s9999 xx 000 0 und d
082 _a635.912:745.9
_bOHI
100 _aOHI, Minobu
245 0 _aFlower arrangement: The Ikebana way
260 _aTokyo
_bShufunotomo
_c1962
650 _aIkebana
942 _cBK
999 _c29459
_d29459